Statistiques concernant Pays avec le plus d'hispanophones

Cliquez ici pour prendre le quiz!

Statistiques générales

  • Ce quiz a été pris 29 189 fois
  • Le résultat moyen est 8 sur 10

Statistiques - réponses

#Pays% Correct
38.2 MEspagne
99%
113 MMexique
97%
40.3 MArgentine
95%
48.0 MColombie
91%
17.9 MChili
90%
26.5 MPérou
86%
29.9 MVenezuela
84%
13.5 MÉquateur
72%
40.0 MEtats-Unis
70%
11.4 MCuba
60%

Distribution des résultats

Percentile par nombre de réponses

% des personnes avec chaque résultat

Votre développement - résultats

Vous n’avez pas pris ce quiz